ბათუმის შოთა რუსთაველის სახელმწიფო უნივერსიტეტის ბიბლიოთეკა

Koneman's Color Atlas and Textbook of Diagnostic Microbiology (ბიბ.ჩანაწერი № 45459)

000 -LEADER
fixed length control field 00561nam a2200205Ia 4500
001 - CONTROL NUMBER
control field 12284
003 - CONTROL NUMBER IDENTIFIER
control field GE_BSU
008 - FIXED-LENGTH DATA ELEMENTS--GENERAL INFORMATION
fixed length control field 181216s||||||||xx |||||||||||||| ||und||
020 ## - INTERNATIONAL STANDARD BOOK NUMBER
International Standard Book Number 0781730147
040 ## - CATALOGING SOURCE
Transcribing agency GE_BSU
080 ## - UNIVERSAL DECIMAL CLASSIFICATION NUMBER
Universal Decimal Classification number 616.9(084.4)
245 ## - TITLE STATEMENT
Title Koneman's Color Atlas and Textbook of Diagnostic Microbiology
260 ## - PUBLICATION, DISTRIBUTION, ETC.
Place of publication, distribution, etc. Philadelphia
260 ## - PUBLICATION, DISTRIBUTION, ETC.
Date of publication, distribution, etc. 2006
300 ## - PHYSICAL DESCRIPTION
Extent 1535p.ill.28cm.
653 ## - INDEX TERM--UNCONTROLLED
Uncontrolled term Koneman's Color Atlas and Textbook of Diagnostic Microbiology
653 ## - INDEX TERM--UNCONTROLLED
Uncontrolled term მიკრობიოლოგია
942 ## - ADDED ENTRY ELEMENTS (KOHA)
Koha item type წიგნი
ეგზემპლარები
Withdrawn status Lost status Damaged status Not for loan Date acquired Barcode Date last seen Price effective from Koha item type
        2018-12-17 36142 2018-12-17 2018-12-17 წიგნი
        2018-12-17 36143 2018-12-17 2018-12-17 წიგნი